Music Quiz

Random Music or Clickable Quiz
Score 0/11 Timer 06:00
0 Plays Today
% Correct
He couldn't even raid a refrigerator
100%
And she's lovely as an 80's hockey mom
100%
Just takin' over Kansas City
75%
Tale of a guy and girl, together they'll rule this world
75%
HUH HUH HUH
75%
I can tell by the way that you don't kill me
75%
Against the big chin guy
75%
With a little bit of help from RiffTrax Live
75%
Just give me a 1969 GT Mustang and Steve McQueen
75%
She gets around on roller blades
50%
Tomorrow never dies but he wishes it would
50%

You're not logged in!

Compare scores with friends on all Sporcle quizzes.
OR
Log In

Sporcle TV

Today on Sporcle TV


Watch our educational content, quiz creation guides, and fun videos on Sporcle TV.

Show Comments

Extras

Created Jul 3, 2019ReportNominate
Tags:Clickable Quiz, follow

Top Quizzes Today


Score Distribution

Paid Content

Your Account Isn't Verified!

In order to create a playlist on Sporcle, you need to verify the email address you used during registration. Go to your Sporcle Settings to finish the process.

Report this User

Report this user for behavior that violates our Community Guidelines.

Details: